[Event "Mittelrhein Regionalliga 15/16"]
[Site "Nordrheinwestfalen"]
[Date "2015.09.27"]
[Round "1.3"]
[White "Kremser, Michael"]
[Black "Mueller, Norbert"]
[Result "1-0"]
[WhiteElo "2068"]
[BlackElo "2029"]
[PlyCount "127"]
[EventDate "2015.09.27"]
[EventType "team-tourn"]
[EventRounds "9"]
[EventCountry "GER"]
[SourceTitle "EXT 2022"]
[Source "ChessBase"]
[SourceDate "2021.10.06"]
[SourceVersion "1"]
[SourceVersionDate "2021.10.06"]
[SourceQuality "1"]
[WhiteTeam "Porz SG III"]
[BlackTeam "Aachen PTSV"]
[WhiteTeamCountry "GER"]
[BlackTeamCountry "GER"]

1. d4 g6 2. c4 Bg7 3. Nc3 d6 4. e4 Nc6 5. Be3 e5 6. d5 Nd4 7. Nge2 Nxe2 8. Bxe2 f5 9. f3 Nf6 10. Qd2 a6 11. b4 0-0 12. 0-0 f4 13. Bf2 g5 14. c5 g4 15. cxd6 cxd6 16. Na4 gxf3 17. Bxf3 Bg4 18. Nb6 Rb8 19. Rac1 Bxf3 20. gxf3 Nd7 21. Nc4 Qg5+ 22. Kh1 Qh5 23. Qe2 Rf6 24. Na5 Rf7 25. Rc7 Nf8 26. Rfc1 Bf6 27. R7c3 Rg7 28. Bb6 Bd8 29. Bc7 Rc8 30. Bxd8 Rxd8 31. Rc7 Rdd7 32. Rxd7 Rxd7 33. Nc4 Ng6 34. Rg1 Kf7 35. Rg4 Qh3 36. Qg2 Qxg2+ 37. Kxg2 Kf6 38. Kf2 b5 39. Na5 Rc7 40. Nc6 Ne7 41. Nxe7 Rxe7 42. Rg8 Rc7 43. Ra8 Rc2+ 44. Kg1 Ke7 45. Rh8 Rxa2 46. Rxh7+ Ke8 47. Ra7 Ra4 48. h4 Rxb4 49. Rxa6 Ke7 50. Ra7+ Kf6 51. Rd7 Kg6 52. Rxd6+ Kh5 53. Re6 Kxh4 54. Kf2 Rb2+ 55. Ke1 Kg3 56. d6 Rb1+ 57. Ke2 Rb2+ 58. Kd3 Rb3+ 59. Kc2 Rb4 60. Rxe5 Rc4+ 61. Kd3 Rc8 62. Rxb5 Kxf3 63. e5 Kg4 64. d7 1-0

[Event "Mittelrhein Verbandsliga Ost 1415"]
[Site "Mittelrhein"]
[Date "2014.12.07"]
[Round "5.1"]
[White "Kremser, Michael"]
[Black "Begri, Robert"]
[Result "1/2-1/2"]
[WhiteElo "2088"]
[BlackElo "2002"]
[PlyCount "136"]
[EventDate "2014.09.07"]
[EventType "team-tourn"]
[EventRounds "11"]
[EventCountry "GER"]
[SourceTitle "EXT 2023"]
[Source "ChessBase"]
[SourceDate "2022.10.05"]
[SourceVersion "1"]
[SourceVersionDate "2022.10.05"]
[SourceQuality "1"]
[WhiteTeam "Koeln Porz III"]
[BlackTeam "Fritzdorf"]
[WhiteTeamCountry "GER"]
[BlackTeamCountry "GER"]

1. d4 Nf6 2. c4 e6 3. Nc3 Bb4 4. e3 0-0 5. Bd3 d5 6. Nf3 c5 7. 0-0 dxc4 8. Bxc4 Nbd7 9. Ne2 Qc7 10. Qc2 cxd4 11. exd4 Nb6 12. Bd3 Qxc2 13. Bxc2 Bd7 14. Bd3 Bc6 15. Ne5 Be4 16. Bg5 Nbd5 17. Rfd1 Rac8 18. Rac1 h6 19. Bxf6 Nxf6 20. Bc4 Bd5 21. Nf4 Bxc4 22. Nxc4 Rfd8 23. Ne2 Nd5 24. Kf1 Rc7 25. a3 Rdc8 26. Ne5 Bd6 27. Nd3 h5 28. g3 g6 29. Rxc7 Rxc7 30. Rc1 Rxc1+ 31. Nexc1 Ne7 32. Nc5 b6 33. Ne4 Bc7 34. Nf6+ Kf8 35. Ke2 Nc6 36. Ke3 Ke7 37. Ne4 e5 38. dxe5 Nxe5 39. Nd3 Ng4+ 40. Kd4 Nxh2 41. Kd5 Ng4 42. b4 Nf6+ 43. Nxf6 Kxf6 44. Kc6 Be5 45. Kd5 Bb8 46. Ne1 Kf5 47. Ng2 Kg4 48. Ke4 f5+ 49. Ke3 f4+ 50. gxf4 h4 51. Ke4 h3 52. Ne3+ Kh4 53. Nf1 a5 54. bxa5 bxa5 55. a4 Bd6 56. Nh2 Bb8 57. Nf1 Bc7 58. Nh2 Bd6 59. Nf1 Kh5 60. Kf3 Kh4 61. Ke4 Kg4 62. Nh2+ Kh5 63. Kf3 g5 64. Kg3 Bxf4+ 65. Kxh3 Kg6 66. Nf3 Kf5 67. Nd4+ Ke4 68. Nc6 Bd2 1/2-1/2

[Event "Goch op 25th"]
[Site "Goch"]
[Date "2014.09.06"]
[Round "4"]
[White "Kremser, Michael"]
[Black "Brecker, Hans Joerg"]
[Result "0-1"]
[WhiteElo "2002"]
[BlackElo "1957"]
[PlyCount "86"]
[EventDate "2014.09.04"]
[EventType "swiss"]
[EventRounds "7"]
[EventCountry "GER"]
[SourceTitle "EXT 2016"]
[Source "ChessBase"]
[SourceDate "2015.10.08"]
[SourceVersion "1"]
[SourceVersionDate "2015.10.08"]
[SourceQuality "1"]

1. d4 d5 2. c4 c6 3. Nf3 e6 4. Nc3 dxc4 5. a4 Bb4 6. e3 b5 7. Be2 Bb7 8. 0-0 a6 9. Ne5 f6 10. Nf3 Ne7 11. e4 0-0 12. Na2 Ba5 13. b3 cxb3 14. Qxb3 Qc8 15. Ba3 Re8 16. Rac1 Kh8 17. Nb4 Bxb4 18. Bxb4 Ng6 19. axb5 Nf4 20. Bd1 axb5 21. e5 Na6 22. Bd6 Qd7 23. Qe3 Nd5 24. Qe4 Nac7 25. Qh4 Qf7 26. Bc2 f5 27. Ng5 Qg6 28. Bd1 h6 29. Nh3 Qh7 30. Bh5 g6 31. Bxc7 Nxc7 32. Qf6+ Qg7 33. Qxg6 Qxg6 34. Bxg6 Red8 35. Bh5 Rxd4 36. Bf3 Nd5 37. g3 Rc8 38. Rc5 b4 39. Rb1 Ra8 40. Nf4 Nxf4 41. gxf4 Ra6 42. Rbc1 b3 43. Bxc6 Bxc6 0-1

[Event "GER-chT U20"]
[Site "Osnabrueck"]
[Date "2013.12.29"]
[Round "5.1"]
[White "Kremser, Michael"]
[Black "Carow, Johannes"]
[Result "0-1"]
[WhiteElo "2051"]
[BlackElo "2423"]
[PlyCount "66"]
[EventDate "2013.12.27"]
[EventType "team-swiss"]
[EventRounds "7"]
[EventCountry "GER"]
[SourceTitle "EXT 2015"]
[Source "ChessBase"]
[SourceDate "2014.11.20"]
[SourceVersion "1"]
[SourceVersionDate "2014.11.20"]
[SourceQuality "1"]
[WhiteTeam "Koeln Porz"]
[BlackTeam "Heidesheim"]
[WhiteTeamCountry "GER"]
[BlackTeamCountry "GER"]

1. d4 Nf6 2. Nf3 c5 3. e3 d5 4. c3 e6 5. Nbd2 Bd6 6. Bd3 Nbd7 7. 0-0 0-0 8. Re1 Qc7 9. e4 cxd4 10. cxd4 dxe4 11. Nxe4 Nxe4 12. Bxe4 Nf6 13. Bd3 Rd8 14. Bg5 Be7 15. Rc1 Qb6 16. Qc2 h6 17. Bh4 Bd7 18. Qc7 Qxb2 19. Rb1 Qxa2 20. Qxb7 a5 21. Ne5 Qd5 22. Bxf6 Bxf6 23. Be4 Qxb7 24. Rxb7 Be8 25. Nc6 Bxc6 26. Bxc6 Bxd4 27. Rd7 Rxd7 28. Bxa8 a4 29. Be4 a3 30. Bb1 Rb7 31. Be4 Rb2 32. Rb1 a2 33. Rxb2 Bxb2 0-1

[Event "Mittelrhein Verbandsliga Ost 1314"]
[Site "Mittelrhein"]
[Date "2013.11.24"]
[Round "4.2"]
[White "Klein, Manfred"]
[Black "Kremser, Michael"]
[Result "0-1"]
[WhiteElo "1993"]
[BlackElo "2051"]
[PlyCount "76"]
[EventDate "2013.09.15"]
[EventType "team-tourn"]
[EventRounds "11"]
[EventCountry "GER"]
[SourceTitle "EXT 2023"]
[Source "ChessBase"]
[SourceDate "2022.10.05"]
[SourceVersion "1"]
[SourceVersionDate "2022.10.05"]
[SourceQuality "1"]
[WhiteTeam "Siegburg"]
[BlackTeam "Koeln Porz III"]
[WhiteTeamCountry "GER"]
[BlackTeamCountry "GER"]

1. e4 c5 2. Nf3 e6 3. d4 cxd4 4. Nxd4 a6 5. Nc3 Qc7 6. Bd3 d6 7. 0-0 Nf6 8. f4 Be7 9. Be3 Nbd7 10. Qf3 0-0 11. Rae1 Rd8 12. Bf2 Nc5 13. e5 Nxd3 14. cxd3 Nd7 15. Qh3 Nf8 16. exd6 Bxd6 17. f5 exf5 18. Nxf5 Bxf5 19. Qxf5 Bxh2+ 20. Kh1 Bd6 21. d4 b5 22. a3 Rac8 23. Re4 Qd7 24. Qxd7 Nxd7 25. Bh4 Re8 26. Rfe1 Kf8 27. Kg1 h6 28. Rxe8+ Rxe8 29. Rxe8+ Kxe8 30. Kf2 Nb6 31. Ne4 Kd7 32. Nxd6 Kxd6 33. b3 Kd5 34. Ke3 Nc8 35. Kd3 Nd6 36. Be7 Nf5 37. Bf8 h5 38. Bc5 g5 0-1

[Event "Oberliga NRW 1213"]
[Site "Germany"]
[Date "2013.03.10"]
[Round "7.7"]
[White "Kremser, Michael"]
[Black "Thiel, Thomas"]
[Result "0-1"]
[WhiteElo "2116"]
[BlackElo "2273"]
[PlyCount "78"]
[EventDate "2012.09.16"]
[EventType "team-tourn"]
[EventRounds "9"]
[EventCountry "GER"]
[SourceTitle "EXT 2017"]
[Source "ChessBase"]
[SourceDate "2016.10.25"]
[SourceVersion "1"]
[SourceVersionDate "2016.10.25"]
[SourceQuality "1"]
[WhiteTeam "Koeln Porz II"]
[BlackTeam "Bochum Wattenscheid II"]
[WhiteTeamCountry "GER"]
[BlackTeamCountry "GER"]

1. d4 d5 2. c4 e5 3. dxe5 d4 4. Nf3 Nc6 5. g3 Nge7 6. Bg2 Ng6 7. 0-0 Be7 8. Nbd2 Ncxe5 9. Nxe5 Nxe5 10. Nf3 Nxf3+ 11. Bxf3 0-0 12. a3 a5 13. Qd3 Bf6 14. Bf4 a4 15. Rfd1 Re8 16. Rac1 Qe7 17. c5 g5 18. Bd2 c6 19. Re1 Qe5 20. b4 Bf5 21. Qc4 Qe6 22. Qxe6 Rxe6 23. g4 Be4 24. Kg2 Rae8 25. Bxe4 Rxe4 26. Kf3 Kg7 27. Rc4 R4e6 28. Bc1 h5 29. h3 hxg4+ 30. hxg4 Rh8 31. Kg2 Kg6 32. Bb2 Rh4 33. f3 d3 34. Bxf6 d2 35. Bc3 dxe1Q 36. Bxe1 Rxe2+ 37. Kf1 Rhh2 38. Bg3 Rc2 39. Re4 Rh1# 0-1

[Event "Mittelrhein Verbandsliga-O 1112"]
[Site "Germany"]
[Date "2012.04.15"]
[Round "9"]
[White "Kremser, Michael"]
[Black "Wieferig, Wolfgang"]
[Result "1-0"]
[WhiteElo "2086"]
[BlackElo "2174"]
[PlyCount "86"]
[EventDate "2011.09.18"]
[EventType "team-tourn"]
[EventRounds "11"]
[EventCountry "GER"]
[SourceTitle "EXT 2013"]
[Source "ChessBase"]
[SourceDate "2012.11.22"]
[SourceVersion "1"]
[SourceVersionDate "2012.11.22"]
[SourceQuality "1"]
[WhiteTeam "Koeln Porz III"]
[BlackTeam "Freibauer Eikamp"]
[WhiteTeamCountry "GER"]
[BlackTeamCountry "GER"]

1. d4 d5 2. c4 e6 3. Nc3 c5 4. Nf3 Nc6 5. e3 a6 6. b3 Nf6 7. dxc5 Bxc5 8. Be2 Bb4 9. Bd2 Ne4 10. Nxe4 dxe4 11. Nd4 Bxd2+ 12. Qxd2 Ne7 13. Rd1 0-0 14. 0-0 Qc7 15. b4 Bd7 16. Qc2 e5 17. Nb3 f5 18. c5 Rf6 19. Bc4+ Kh8 20. Rd2 Bc6 21. Rfd1 Raf8 22. Na5 h6 23. a3 Be8 24. Be2 b6 25. Nc4 bxc5 26. Nd6 a5 27. bxc5 Bg6 28. Qc3 f4 29. Bg4 Nc6 30. Nc4 fxe3 31. fxe3 Qf7 32. h3 h5 33. Bd7 Rf1+ 34. Kh2 Rxd1 35. Rxd1 Qf6 36. Bxc6 Qxc6 37. Nxe5 Qc7 38. Rd6 Be8 39. Kg1 Rf5 40. Qd4 Qe7 41. Rh6+ Kg8 42. Qd5+ Bf7 43. Qa8+ Be8 1-0

[Event "Mittelrhein Verbandsliga-O 1112"]
[Site "Germany"]
[Date "2012.01.15"]
[Round "5"]
[White "Kremser, Michael"]
[Black "Dehmel, Jens"]
[Result "1/2-1/2"]
[WhiteElo "2086"]
[BlackElo "2061"]
[PlyCount "69"]
[EventDate "2011.09.18"]
[EventType "team-tourn"]
[EventRounds "11"]
[EventCountry "GER"]
[SourceTitle "EXT 2013"]
[Source "ChessBase"]
[SourceDate "2012.11.22"]
[SourceVersion "1"]
[SourceVersionDate "2012.11.22"]
[SourceQuality "1"]
[WhiteTeam "Koeln Porz III"]
[BlackTeam "Bonn Stadtverwaltung"]
[WhiteTeamCountry "GER"]
[BlackTeamCountry "GER"]

1. d4 d5 2. c4 c6 3. Nf3 Nf6 4. Nc3 e6 5. e3 Nbd7 6. Bd3 dxc4 7. Bxc4 b5 8. Bd3 Bb7 9. 0-0 a6 10. Qe2 c5 11. Rd1 cxd4 12. exd4 Be7 13. Bf4 0-0 14. Ng5 Rc8 15. a4 b4 16. Nce4 h6 17. Nxf6+ Nxf6 18. Ne4 Qd5 19. Nxf6+ Bxf6 20. Qg4 Kh8 21. Be5 Bxe5 22. dxe5 Qb3 23. Qe2 Rfd8 24. a5 Rd5 25. Rd2 Rcd8 26. Rad1 Rd4 27. f3 Qd5 28. Kf2 Qxa5 29. Bb1 Rxd2 30. Rxd2 Rxd2 31. Qxd2 Qc5+ 32. Qe3 Qc7 33. Qa7 Qd7 34. Qb8+ Bc8 35. Qxb4 1/2-1/2

[Event "GER-chT U20"]
[Site "Osnabrueck"]
[Date "2011.12.29"]
[Round "5.2"]
[White "Rieping, Heiner"]
[Black "Kremser, Michael"]
[Result "1/2-1/2"]
[WhiteElo "1897"]
[BlackElo "2084"]
[PlyCount "86"]
[EventDate "2011.12.27"]
[EventType "team-swiss"]
[EventRounds "7"]
[EventCountry "GER"]
[SourceTitle "CBM 146 Extra"]
[Source "ChessBase"]
[SourceDate "2012.02.29"]
[SourceVersion "1"]
[SourceVersionDate "2012.02.29"]
[SourceQuality "1"]
[WhiteTeam "Hagen"]
[BlackTeam "Koeln Porz"]
[WhiteTeamCountry "GER"]
[BlackTeamCountry "GER"]

1. e4 c5 2. Nf3 d6 3. d4 cxd4 4. Nxd4 Nf6 5. Nc3 a6 6. Be3 b5 7. f3 e6 8. Qd2 Nbd7 9. Bd3 Bb7 10. 0-0 b4 11. Nce2 d5 12. exd5 Nxd5 13. Bf2 Bd6 14. c4 bxc3 15. Nxc3 Bf4 16. Qe1 Nxc3 17. Qxc3 0-0 18. Ne2 Be5 19. Bd4 Rc8 20. Qb4 Qh4 21. g3 Bxd4+ 22. Qxd4 Qxd4+ 23. Nxd4 Rfd8 24. Rad1 h6 25. Kf2 Nf6 26. Bb1 Kf8 27. Nb3 Bd5 28. Nd4 e5 29. Nf5 e4 30. Ne3 exf3 31. Nxd5 Nxd5 32. Kxf3 Rb8 33. Rf2 Nf6 34. Rfd2 Rxd2 35. Rxd2 Ke7 36. Bd3 a5 37. Bc4 Rb7 38. b3 Rc7 39. Kf4 Nh5+ 40. Kg4 Nf6+ 41. Kf4 Nh5+ 42. Kg4 Nf6+ 43. Kf4 Nh5+ 1/2-1/2

[Event "GER-chT U20"]
[Site "Osnabrueck"]
[Date "2011.12.28"]
[Round "4.2"]
[White "Kremser, Michael"]
[Black "Pfefferkorn, Kai"]
[Result "1-0"]
[WhiteElo "2084"]
[BlackElo "1686"]
[PlyCount "223"]
[EventDate "2011.12.27"]
[EventType "team-swiss"]
[EventRounds "7"]
[EventCountry "GER"]
[SourceTitle "CBM 146 Extra"]
[Source "ChessBase"]
[SourceDate "2012.02.29"]
[SourceVersion "1"]
[SourceVersionDate "2012.02.29"]
[SourceQuality "1"]
[WhiteTeam "Koeln Porz"]
[BlackTeam "Dresden"]
[WhiteTeamCountry "GER"]
[BlackTeamCountry "GER"]

1. d4 d5 2. c4 e6 3. Nc3 Nf6 4. Bg5 Be7 5. cxd5 exd5 6. e3 b6 7. Bd3 Bb7 8. Nf3 h6 9. Bh4 Nbd7 10. Qe2 0-0 11. Ba6 Qc8 12. Bxb7 Qxb7 13. 0-0 Rac8 14. Rfd1 Rfd8 15. Ne5 c5 16. Qf3 cxd4 17. exd4 a6 18. Rac1 b5 19. Nxd7 Rxd7 20. Bxf6 Bxf6 21. Nxd5 Rxc1 22. Nxf6+ gxf6 23. Qg4+ Kh7 24. Rxc1 Rc7 25. Qf5+ Kg7 26. Rxc7 Qxc7 27. Qc5 Qa5 28. b4 Qxa2 29. h3 Qd2 30. d5 Qe1+ 31. Kh2 Qe5+ 32. g3 Qf5 33. Qd4 Kf8 34. h4 Ke7 35. Kg2 Qd7 36. Qe3+ Kd8 37. Qxh6 Qxd5+ 38. Kh2 Ke7 39. Qe3+ Kf8 40. Qh6+ Ke7 41. Qe3+ Kf8 42. Qb6 Kg7 43. Qxa6 Qd4 44. Qxb5 Qxf2+ 45. Kh3 Qg1 46. Qd5 Qf1+ 47. Kh2 Qe2+ 48. Qg2 Qc4 49. Qd2 Qb5 50. Qb2 Kg6 51. Qc2+ Kg7 52. Qe4 f5 53. Qd4+ Kh7 54. Qd2 f6 55. Qe1 Kg6 56. Kh3 Qd7 57. Kh2 Qb5 58. Qd2 Kg7 59. Kg2 Qc6+ 60. Kf2 Qb6+ 61. Ke2 Qb5+ 62. Kd1 Qf1+ 63. Kc2 Qc4+ 64. Qc3 Qa2+ 65. Kd3 Qd5+ 66. Ke3 Qe4+ 67. Kf2 Qd5 68. Ke3 Qe4+ 69. Kd2 Qg2+ 70. Kc1 Qf1+ 71. Kb2 Qe2+ 72. Kb1 Qd1+ 73. Ka2 Qe2+ 74. Qb2 Qc4+ 75. Qb3 Qe2+ 76. Ka3 Qa6+ 77. Kb2 Qe2+ 78. Kc1 Qe1+ 79. Kb2 Qe2+ 80. Qc2 Qe5+ 81. Qc3 Qe2+ 82. Kc1 Qf1+ 83. Kc2 Qe2+ 84. Qd2 Qe4+ 85. Kc1 Qc4+ 86. Kb2 Qb5 87. Qf4 Qe2+ 88. Kc3 Qe1+ 89. Kc4 Qe6+ 90. Kc5 Qe7+ 91. Qd6 Qe3+ 92. Kc6 Qe4+ 93. Kc7 Qc4+ 94. Kb6 Qe4 95. b5 Qe3+ 96. Kc7 Qa7+ 97. Kc8 Qa8+ 98. Qb8 Qe4 99. Qb7+ Kg6 100. b6 Qe8+ 101. Kc7 Qe5+ 102. Kd8 Qxg3 103. h5+ Kh6 104. Qf7 Qb8+ 105. Ke7 Qb7+ 106. Kf8 Qc8+ 107. Qe8 Qc5+ 108. Kg8 Kg5 109. b7 Qd5+ 110. Qf7 Qd8+ 111. Kg7 f4 112. Qg6+ 1-0

[Event "GER-chT U20"]
[Site "Osnabrueck"]
[Date "2011.12.27"]
[Round "2.2"]
[White "Kremser, Michael"]
[Black "Meissner, Felix"]
[Result "1/2-1/2"]
[WhiteElo "2084"]
[BlackElo "2248"]
[PlyCount "65"]
[EventDate "2011.12.27"]
[EventType "team-swiss"]
[EventRounds "7"]
[EventCountry "GER"]
[SourceTitle "CBM 146 Extra"]
[Source "ChessBase"]
[SourceDate "2012.02.29"]
[SourceVersion "1"]
[SourceVersionDate "2012.02.29"]
[SourceQuality "1"]
[WhiteTeam "Koeln Porz"]
[BlackTeam "Hamburger SK"]
[WhiteTeamCountry "GER"]
[BlackTeamCountry "GER"]

1. d4 d5 2. c4 c6 3. cxd5 cxd5 4. Nf3 Nf6 5. Nc3 Nc6 6. Bf4 a6 7. e3 Nh5 8. Bg3 Nxg3 9. hxg3 g6 10. Ng5 e6 11. Rxh7 Rxh7 12. Nxh7 Be7 13. Bd3 Qd6 14. Na4 Qd8 15. Nc3 Qb6 16. Na4 Qa5+ 17. Kf1 Bd7 18. Nc3 0-0-0 19. Qf3 f5 20. g4 Rh8 21. gxf5 gxf5 22. Qh5 Qd8 23. Qf7 Qg8 24. Qxg8+ Rxg8 25. Ke2 Rxg2 26. Rh1 Rg6 27. Kf1 Nd8 28. Rh5 Nf7 29. Ne2 Kd8 30. Nf4 Rg7 31. f3 Kc8 32. Kf2 Kb8 33. Kf1 1/2-1/2

[Event "Troisdorf op"]
[Site "Troisdorf"]
[Date "2011.11.22"]
[Round "5"]
[White "Helbig, Mark"]
[Black "Kremser, Michael"]
[Result "1/2-1/2"]
[WhiteElo "2281"]
[BlackElo "2099"]
[PlyCount "68"]
[EventDate "2011.10.25"]
[EventType "swiss"]
[EventRounds "7"]
[EventCountry "GER"]
[SourceTitle "EXT 2013"]
[Source "ChessBase"]
[SourceDate "2012.11.22"]
[SourceVersion "1"]
[SourceVersionDate "2012.11.22"]
[SourceQuality "1"]

1. d4 d5 2. c4 e6 3. Nf3 Nf6 4. Nc3 Nbd7 5. e3 c6 6. Bd3 Be7 7. b3 Qa5 8. Bd2 Qc7 9. 0-0 0-0 10. Rc1 Rd8 11. Qe2 Ba3 12. Rc2 Qb8 13. e4 dxe4 14. Nxe4 Be7 15. Neg5 h6 16. Nxe6 Re8 17. Nxg7 Kxg7 18. Bxh6+ Kxh6 19. Qe3+ Kg7 20. Qg5+ Kh8 21. Qh6+ Kg8 22. Re2 Qd6 23. Rfe1 Ne4 24. Qc1 f5 25. Bxe4 fxe4 26. Rxe4 Nf8 27. Qe3 Ng6 28. Qh6 Qf6 29. Rxe7 Rxe7 30. Rxe7 Qxe7 31. Qxg6+ Qg7 32. Qe8+ Qf8 33. Qg6+ Qg7 34. Qe8+ Qf8 1/2-1/2

[Event "Troisdorf op"]
[Site "Troisdorf"]
[Date "2011.11.15"]
[Round "4"]
[White "Kremser, Michael"]
[Black "Schwarz, Andreas"]
[Result "1-0"]
[WhiteElo "2099"]
[BlackElo "1901"]
[PlyCount "137"]
[EventDate "2011.10.25"]
[EventType "swiss"]
[EventRounds "7"]
[EventCountry "GER"]
[SourceTitle "EXT 2013"]
[Source "ChessBase"]
[SourceDate "2012.11.22"]
[SourceVersion "1"]
[SourceVersionDate "2012.11.22"]
[SourceQuality "1"]

1. d4 Nf6 2. c4 g6 3. Nc3 d5 4. cxd5 Nxd5 5. e4 Nxc3 6. bxc3 Bg7 7. Bc4 0-0 8. Ne2 c5 9. 0-0 Nc6 10. Be3 cxd4 11. cxd4 Bg4 12. f3 Na5 13. Bd3 Be6 14. Rc1 Bxa2 15. Qa4 Be6 16. d5 Bd7 17. Bb5 Bxb5 18. Qxb5 b6 19. Rfd1 Rc8 20. Nd4 Rc5 21. Rxc5 bxc5 22. Qxc5 Bxd4 23. Qxd4 Re8 24. Qxa7 Nc4 25. Bh6 f6 26. Rc1 Qb6+ 27. Qxb6 Nxb6 28. Rc7 Nc8 29. Bf4 h5 30. h4 Kf8 31. Kf2 Rd8 32. Rc6 Kf7 33. Bc7 Rd7 34. Ba5 Ra7 35. Bb4 Rb7 36. Bc5 Na7 37. Ra6 Nc8 38. g4 hxg4 39. fxg4 Rd7 40. Ke3 Rb7 41. Kf4 Kg7 42. e5 fxe5+ 43. Kxe5 Kf7 44. Kf4 Rd7 45. Rc6 Na7 46. Bxa7 Rxa7 47. Kg5 Ra5 48. Kh6 Rxd5 49. Rxg6 e5 50. g5 e4 51. Rf6+ Ke7 52. Rf4 Rd6+ 53. g6 Re6 54. Kh7 e3 55. g7 e2 56. g8Q e1Q 57. Qf8+ Kd7 58. Rd4+ Kc6 59. Qc8+ Kb6 60. Qd8+ Kc5 61. Qd5+ Kb6 62. Rb4+ Qxb4 63. Qxe6+ Kb7 64. h5 Qc3 65. h6 Qc7+ 66. Kg6 Qg3+ 67. Kf7 Qf3+ 68. Qf6 Qh5+ 69. Kg8 1-0

[Event "Troisdorf op"]
[Site "Troisdorf"]
[Date "2011.11.08"]
[Round "3"]
[White "Gutt, Oswald"]
[Black "Kremser, Michael"]
[Result "0-1"]
[WhiteElo "1914"]
[BlackElo "2099"]
[PlyCount "88"]
[EventDate "2011.10.25"]
[EventType "swiss"]
[EventRounds "7"]
[EventCountry "GER"]
[SourceTitle "EXT 2013"]
[Source "ChessBase"]
[SourceDate "2012.11.22"]
[SourceVersion "1"]
[SourceVersionDate "2012.11.22"]
[SourceQuality "1"]

1. d4 d5 2. Nf3 e6 3. c4 Nf6 4. Nc3 Nbd7 5. Bg5 Be7 6. e3 0-0 7. Rc1 b6 8. cxd5 exd5 9. Qa4 c5 10. Qc6 Rb8 11. Nxd5 Nxd5 12. Qxd5 Bb7 13. Bxe7 Qxe7 14. Qg5 Qxg5 15. Nxg5 cxd4 16. Rd1 Ne5 17. Rxd4 h6 18. Nh3 Rfc8 19. Nf4 Rc1+ 20. Kd2 Ra1 21. a3 Ba6 22. Bxa6 Rxh1 23. h3 Rg1 24. Ke2 g5 25. Nh5 Rxg2 26. Rd6 g4 27. Nf6+ Kh8 28. hxg4 b5 29. Kf1 Rh2 30. Rd5 Rb6 31. Rd8+ Kg7 32. Ne8+ Kg6 33. Bc8 h5 34. Bf5+ Kh6 35. gxh5 Rxh5 36. e4 b4 37. a4 Rc6 38. Rd5 Rc1+ 39. Ke2 Rc2+ 40. Ke3 Ng6 41. Rd7 Rxb2 42. Rxa7 Rh1 43. Rxf7 Re1+ 44. Kd3 Ne5+ 0-1

[Event "GER-chT Lands U21"]
[Site "Xanten"]
[Date "2011.11.03"]
[Round "7.2"]
[White "Wenninger, Philipp"]
[Black "Kremser, Michael"]
[Result "1-0"]
[WhiteElo "2145"]
[BlackElo "2099"]
[PlyCount "79"]
[EventDate "2011.10.31"]
[EventType "team-swiss"]
[EventRounds "7"]
[EventCountry "GER"]
[SourceTitle "EXT 2022"]
[Source "ChessBase"]
[SourceDate "2021.10.06"]
[SourceVersion "1"]
[SourceVersionDate "2021.10.06"]
[SourceQuality "1"]
[WhiteTeam "Wuerttemberg U21"]
[BlackTeam "Nordrhein Westfalen U21 II"]
[WhiteTeamCountry "GER"]
[BlackTeamCountry "GER"]

1. d4 d5 2. c4 e6 3. Nc3 Be7 4. Nf3 Nf6 5. cxd5 exd5 6. Bg5 c6 7. Qc2 Nbd7 8. e3 0-0 9. Bd3 h6 10. Bh4 Re8 11. 0-0 Ne4 12. Bg3 Ndf6 13. Nxe4 dxe4 14. Bxe4 Nxe4 15. Qxe4 Be6 16. Qc2 Qa5 17. Ne5 Rad8 18. a3 Bf6 19. b4 Qd5 20. Nd3 Bf5 21. Qc3 g5 22. Rfd1 Be4 23. Ne1 h5 24. f3 Bg6 25. Bf2 h4 26. e4 Qd7 27. h3 a6 28. Ra2 Qe6 29. Rad2 Kg7 30. Nc2 g4 31. hxg4 h3 32. gxh3 Rh8 33. h4 Rdg8 34. Ne3 Bxe4 35. fxe4 Qxe4 36. Qd3 Qe8 37. Qf5 Bxh4 38. Qe5+ f6 39. Qxe8 Rxe8 40. Nf5+ 1-0

[Event "GER-chT Lands U21"]
[Site "Xanten"]
[Date "2011.11.02"]
[Round "5.2"]
[White "Kremser, Michael"]
[Black "Jacobsen, Henrik"]
[Result "1/2-1/2"]
[WhiteElo "2099"]
[BlackElo "1935"]
[PlyCount "96"]
[EventDate "2011.10.31"]
[EventType "team-swiss"]
[EventRounds "7"]
[EventCountry "GER"]
[SourceTitle "EXT 2022"]
[Source "ChessBase"]
[SourceDate "2021.10.06"]
[SourceVersion "1"]
[SourceVersionDate "2021.10.06"]
[SourceQuality "1"]
[WhiteTeam "Nordrhein Westfalen U21 II"]
[BlackTeam "Schleswig Holstein/NDS U21"]
[WhiteTeamCountry "GER"]
[BlackTeamCountry "GER"]

1. d4 Nf6 2. c4 g6 3. Nc3 Bg7 4. e4 d6 5. f3 0-0 6. Be3 a6 7. Bd3 Nbd7 8. Qd2 c5 9. Nge2 e6 10. 0-0 b6 11. Rfd1 cxd4 12. Nxd4 Qc7 13. Rac1 Bb7 14. Bf1 Ne5 15. Na4 Nfd7 16. Nb3 Qc6 17. Nc3 Nxc4 18. Bxc4 Qxc4 19. Qxd6 Rfd8 20. Nd5 exd5 21. Rxc4 dxc4 22. Nd4 Be5 23. Qb4 Rac8 24. f4 Bg7 25. e5 Bf8 26. Qe1 Nc5 27. f5 Nd3 28. Qh4 Nxe5 29. Rf1 Bc5 30. fxg6 hxg6 31. Qf4 Rd5 32. Nf3 Nxf3+ 33. Qxf3 Rf5 34. Qh3 Rxf1+ 35. Kxf1 Bxe3 36. Qxe3 Rc5 37. g4 Bc8 38. Qd4 Kh7 39. h3 Be6 40. Kf2 c3 41. bxc3 Bxa2 42. Ke3 Be6 43. Qb4 a5 44. Qa3 a4 45. Kd2 Bb3 46. Qb4 Rd5+ 47. Ke3 Re5+ 48. Kd2 Rd5+ 1/2-1/2

[Event "GER-chT U20"]
[Site "Osnabrueck"]
[Date "2010.12.29"]
[Round "6.4"]
[White "Kremser, Michael"]
[Black "Raider, Eugen"]
[Result "1-0"]
[WhiteElo "1911"]
[BlackElo "1984"]
[PlyCount "88"]
[EventDate "2010.12.27"]
[EventType "team-swiss"]
[EventRounds "7"]
[EventCountry "GER"]
[SourceTitle "CBM 140 Extra"]
[Source "ChessBase"]
[SourceDate "2011.03.01"]
[SourceVersion "1"]
[SourceVersionDate "2011.03.01"]
[SourceQuality "1"]
[WhiteTeam "Koeln Porz"]
[BlackTeam "Koenigsspringer"]
[WhiteTeamCountry "GER"]
[BlackTeamCountry "GER"]

1. d4 Nf6 2. c4 c5 3. d5 b5 4. cxb5 a6 5. bxa6 g6 6. Nc3 Bxa6 7. g3 d6 8. Bg2 Nbd7 9. Nf3 Bg7 10. 0-0 Ng4 11. a4 0-0 12. Re1 Qc7 13. Qc2 Rfb8 14. h3 Nge5 15. Nd2 Nc4 16. b3 Na5 17. Rb1 Ra7 18. Na2 Rab7 19. b4 cxb4 20. Qxc7 Rxc7 21. Nxb4 Rxb4 22. Rxb4 Bc3 23. Re4 Nc4 24. Rd1 Nf6 25. Rf4 g5 26. Rf5 h6 27. Ne4 Nxe4 28. Bxe4 Bc8 29. Rf3 Ne5 30. Re3 Bxh3 31. Bd2 Bxd2 32. Rxd2 Ng4 33. Red3 Ne5 34. Rd4 Bd7 35. Kg2 f5 36. Bb1 Rc1 37. Rb2 Re1 38. a5 e6 39. dxe6 Bxe6 40. a6 Bd7 41. Ba2+ Kg7 42. Rxd6 Bc6+ 43. Bd5 Bxd5+ 44. Rxd5 Nc6 1-0